[Event "Toth Memorial"]
[Site "Kecskemet HUN"]
[Date "1977.??.??"]
[Round "?"]
[White "Ostojic, Predrag"]
[Black "Lukacs, Peter"]
[Result "1/2-1/2"]
[WhiteElo "2480"]
[BlackElo "2450"]
[PlyCount "130"]
[EventDate "1977.03.??"]
[Source "www.chesslib.no"]
[SourceDate "2004.05.04"]

1. e4 e5 2. Nf3 Nc6 3. Bb5 a6 4. Ba4 Nf6 5. O-O Be7 6. Re1 b5 7. Bb3 O-O 8. h3 Bb7 9. d3 d6 10. c3 Nb8 11. Nbd2 Nbd7 12. Nf1 Nc5 13. Bc2 Re8 14. Bd2 Bf8 15. Ng3 g6 16. b4 Ncd7 17. c4 c5 18. a3 Bg7 19. Rb1 Qc7 20. Bb3 bxc4 21. dxc4 cxb4 22. axb4 a5 23. bxa5 Nc5 24. Bc2 Ba6 25. Qe2 Nb7 26. Ba4 Rec8 27. Bb5 Nxa5 28. Bxa6 Rxa6 29. c5 Raa8 30. cxd6 Qxd6 31. Bb4 Qe6 32. Ng5 Qc6 33. Ra1 Nb3 34. Rxa8 Rxa8 35. Nf3 Nd7 36. Nf1 Ra4 37. Bd2 Ndc5 38. Ng3 Ra2 39. Qe3 Nd4 40. Bb4 Nce6 41. Nxd4 exd4 42. Qb3 Qc2 43. Qxc2 Rxc2 44. Rd1 Be5 45. Nf1 Nf4 46. Ng3 h5 47. h4 d3 48. Kf1 Bf6 49. Bd2 Ne6 50. Be3 Rc3 51. e5 Bxe5 52. Ne4 Ra3 53. Nd2 Bf6 54. g3 Ra1 55. Ke1 Nd4 56. Bxd4 Rxd1+ 57. Kxd1 Bxd4 58. Nf1 Bc3 59. Nd2 Kg7 60. Nb3 Bb4 61. Nc1 d2 62. Nb3 Kf6 63. Nxd2 Bxd2 64. Kxd2 Kf5 65. f3 Ke5 1/2-1/2

[Event "Moscow Open"]
[Site "Moscow RUS"]
[Date "1995.??.??"]
[Round "9"]
[White "Minasian, Ara"]
[Black "Yemelin, Vasily"]
[Result "1-0"]
[WhiteElo "2395"]
[BlackElo "2515"]
[PlyCount "77"]
[EventDate "1995.??.??"]
[Source "www.chesslib.no"]
[SourceDate "2004.05.04"]

1. e4 e5 2. Nf3 Nc6 3. Bb5 a6 4. Ba4 Nf6 5. O-O Be7 6. Re1 b5 7. Bb3 d6 8. c3 O-O 9. h3 Nb8 10. d3 Nbd7 11. Nbd2 Bb7 12. Nf1 Nc5 13. Bc2 Re8 14. Ne3 a5 15. Nf5 Bf8 16. Nh2 d5 17. Qf3 Ra6 18. Bg5 h6 19. Bxf6 Rxf6 20. Ng4 Rfe6 21. exd5 Bxd5 22. Qg3 Qg5 23. d4 exd4 24. Rxe6 Bxe6 25. h4 Qd8 26. cxd4 h5 27. Ngh6+ Kh8 28. dxc5 Qd2 29. Ne3 gxh6 30. Qxc7 Qb4 31. Qe5+ Bg7 32. Qxh5 Qxb2 33. Rb1 Qc3 34. Bb3 Bxb3 35. axb3 Qd3 36. Rd1 Qxb3 37. Nf5 Re6 38. Qg4 Qxd1+ 39. Qxd1 1-0

[Event "Tel Aviv"]
[Site "Tel Aviv"]
[Date "2002.08.13"]
[Round "4"]
[White "Klenburg, Mikhail"]
[Black "Zoler, Dan"]
[Result "1/2-1/2"]
[WhiteElo "2376"]
[BlackElo "2503"]
[PlyCount "139"]
[EventDate "2002.08.11"]
[Source "ChessBase"]
[SourceDate "2002.09.11"]

1. e4 e5 2. Nf3 Nc6 3. Bb5 a6 4. Ba4 Nf6 5. O-O Be7 6. Re1 b5 7. Bb3 d6 8. c3 O-O 9. h3 Nb8 10. d3 Bb7 11. Nbd2 Nbd7 12. Nf1 c6 13. Ng3 Re8 14. d4 Bf8 15. dxe5 Nxe5 16. Nxe5 dxe5 17. Qxd8 Raxd8 18. Bg5 c5 19. a3 c4 20. Bc2 Bc6 21. Rad1 Rxd1 22. Rxd1 Nd7 23. Nf1 Nc5 24. f3 f6 25. Be3 Kf7 26. Bf2 Rb8 27. Ne3 Rb7 28. Rd8 Ne6 29. Rd1 Nc5 30. Rd8 Rd7 31. Rxd7+ Bxd7 32. Nd5 Bc6 33. Ne3 g6 34. Kf1 a5 35. Ke1 a4 36. Ke2 Ke6 37. g4 Na6 38. Be1 Nc7 39. h4 Kd6 40. Bd2 Ne6 41. Ng2 Bd7 42. Bc1 Ng7 43. Bh6 Ke7 44. Ne3 Kf7 45. Ng2 Bc5 46. Be3 Bxe3 47. Kxe3 h5 48. Bd1 g5 49. hxg5 fxg5 50. gxh5 Nxh5 51. Kd2 Be6 52. Ne3 Nf6 53. Be2 Kg6 54. Ke1 g4 55. Kf2 Kg5 56. Ng2 Bc8 57. Ke3 gxf3 58. Bxf3 Bb7 59. Ne1 Ba8 60. Nc2 Nd7 61. Nb4 Nc5 62. Bh1 Bb7 63. Bg2 Nd3 64. Nxd3 cxd3 65. Bf1 d2 66. Kxd2 Bc6 67. Ke3 Kf6 68. c4 bxc4 69. Bxc4 Ke7 70. b4 1/2-1/2

[Event "It (Open) Gausdal NOR"]
[Site "?"]
[Date "2006.04.27"]
[Round "5"]
[White "Westerinen Heikki MJ"]
[Black "Levin Felix"]
[Result "1/2-1/2"]
[WhiteElo "2386"]
[BlackElo "2487"]
[PlyCount "20"]
[EventDate "2006.??.??"]
[Source "www.chesslib.no"]
[SourceDate "2004.05.04"]

1. e4 e5 2. Nf3 Nc6 3. Bb5 a6 4. Ba4 Nf6 5. O-O Be7 6. Re1 b5 7. Bb3 d6 8. c3 O-O 9. h3 Nb8 10. d3 Nbd7 1/2-1/2

[Event "III Torneo GM"]
[Site "Mysliborz POL"]
[Date "2008.06.15"]
[Round "9"]
[White "Zezulkin, J."]
[Black "Brener, I."]
[Result "1/2-1/2"]
[WhiteElo "2443"]
[BlackElo "2423"]
[PlyCount "35"]
[EventDate "2008.06.09"]
[Source "www.chesslib.no"]
[SourceDate "2004.05.04"]

1. e4 e5 2. Nf3 Nc6 3. Bb5 a6 4. Ba4 Nf6 5. O-O Be7 6. Re1 b5 7. Bb3 d6 8. c3 O-O 9. h3 Nb8 10. d3 Nbd7 11. Nbd2 h6 12. Nf1 Re8 13. Ng3 Bf8 14. Bc2 g6 15. Be3 Bg7 16. Qd2 Kh7 17. Rad1 Bb7 18. Qc1 1/2-1/2

[Event "1st Serbian League Men"]
[Site "Zlatibor SRB"]
[Date "2007.08.20"]
[Round "9"]
[White "Matulovic, M."]
[Black "Todorovic, GM."]
[Result "1/2-1/2"]
[WhiteElo "2389"]
[BlackElo "2471"]
[PlyCount "25"]
[EventDate "2007.08.21"]
[Source "www.chesslib.no"]
[SourceDate "2004.05.04"]

1. e4 e5 2. Nf3 Nc6 3. Bb5 a6 4. Ba4 Nf6 5. O-O Be7 6. Re1 b5 7. Bb3 d6 8. c3 O-O 9. h3 Nb8 10. a4 Bb7 11. axb5 axb5 12. Rxa8 Bxa8 13. d3 1/2-1/2

[Event "19 ECC 2003 Men"]
[Site "?"]
[Date "2003.10.01"]
[Round "4.76"]
[White "Palac Mladen"]
[Black "Ginzburg Mikhail"]
[Result "1/2-1/2"]
[WhiteElo "2561"]
[BlackElo "2294"]
[PlyCount "99"]
[EventDate "2003.??.??"]
[Source "www.chesslib.no"]
[SourceDate "2004.05.04"]

1. e4 e5 2. Nf3 Nc6 3. Bb5 a6 4. Ba4 Nf6 5. O-O Be7 6. Re1 b5 7. Bb3 d6 8. c3 O-O 9. h3 Nb8 10. d3 c5 11. Nbd2 Nc6 12. Nf1 Na5 13. Bc2 Qc7 14. d4 Bd7 15. Ne3 Rfe8 16. b3 Nb7 17. Bb2 Bf8 18. a4 c4 19. bxc4 bxc4 20. d5 Rab8 21. Nd2 Na5 22. Ra2 g6 23. Ba3 Nh5 24. Bb4 Nf4 25. Rf1 Rec8 26. Qf3 Rb7 27. Rb2 Rcb8 28. Rfb1 Bc8 29. Kf1 Be7 30. Bxa5 Qxa5 31. Rxb7 Rxb7 32. Rxb7 Bxb7 33. Nexc4 Qc7 34. Qe3 Bd8 35. Qa7 Kg7 36. a5 Bc8 37. Qxc7 Bxc7 38. Ba4 Nd3 39. Nb3 Kf8 40. Nb6 Bb7 41. g3 Nb2 42. Bc6 Bxc6 43. dxc6 Ke8 44. Ke2 Kd8 45. Nc1 Bxb6 46. axb6 Na4 47. b7 Kc7 48. Na2 a5 49. Kd3 Nc5+ 50. Kc4 1/2-1/2

[Event "Camp. svizzero a sq. - Wollishofen-Reic"]
[Site "Svizzera"]
[Date "2008.03.02"]
[Round "1.3"]
[White "Zenklusen, Rico"]
[Black "Volke, Karsten"]
[Result "1/2-1/2"]
[WhiteElo "2378"]
[BlackElo "2475"]
[PlyCount "68"]
[EventDate "2008.03.02"]
[Source "www.chesslib.no"]
[SourceDate "2004.05.04"]

1. e4 e5 2. Nf3 Nc6 3. Bb5 a6 4. Ba4 Nf6 5. O-O Be7 6. Re1 b5 7. Bb3 d6 8. c3 O-O 9. h3 Nb8 10. d3 h6 11. Nbd2 Be6 12. Bc2 c5 13. Nf1 Nc6 14. Ng3 Re8 15. d4 cxd4 16. cxd4 exd4 17. Nxd4 Nxd4 18. Qxd4 Qc7 19. Bb3 Qc5 20. Qd1 Bf8 21. Be3 Bxb3 22. Qxb3 Qc6 23. Rac1 Qb7 24. f3 d5 25. Bd4 dxe4 26. Bxf6 Qb6+ 27. Kh1 Qxf6 28. Nxe4 Qe5 29. Rc6 Qf4 30. Rd1 Red8 31. Rd5 Qh4 32. Rc7 Qf4 33. Rc6 Qh4 34. Rc7 Qf4 1/2-1/2

[Event "Buenos Aires"]
[Site "Buenos Aires ARG"]
[Date "1988.??.??"]
[Round "?"]
[White "Cuasnicu, Oscar"]
[Black "Najdorf, Miguel"]
[Result "1/2-1/2"]
[WhiteElo "2370"]
[BlackElo "2465"]
[PlyCount "167"]
[EventDate "1988.04.??"]
[Source "www.chesslib.no"]
[SourceDate "2004.05.04"]

1. e4 e5 2. Nf3 Nc6 3. Bb5 a6 4. Ba4 Nf6 5. O-O Be7 6. Re1 b5 7. Bb3 d6 8. c3 O-O 9. h3 Nb8 10. d3 Nbd7 11. Nbd2 Nc5 12. Bc2 Ne6 13. d4 Nd7 14. Nf1 Re8 15. Ng3 g6 16. Bb3 Bf6 17. Bd5 Rb8 18. Nf1 Nb6 19. Bb3 Bb7 20. Bh6 exd4 21. cxd4 c5 22. d5 Nd4 23. Rb1 Bc8 24. N1h2 Bd7 25. Nxd4 Bxd4 26. Nf3 Bf6 27. Bf4 c4 28. Bc2 Qc7 29. b4 Rbd8 30. Bg5 Bxg5 31. Nxg5 Bc8 32. Qd4 Nd7 33. Qc3 Qa7 34. Kh2 h6 35. Nf3 Qxf2 36. Rf1 Qa7 37. Qd2 Kg7 38. Qf4 Nf6 39. Rbd1 Qe7 40. Rde1 Nd7 41. Qd2 Ne5 42. Qc3 Kg8 43. Re3 Rf8 44. Nd4 Rde8 45. Rg3 Kh7 46. Rf4 Bd7 47. a3 h5 48. Qd2 h4 49. Rc3 Kg7 50. Rf1 Nd3 51. Nf3 Ne5 52. Qd4 Qf6 53. Qd2 Qe7 54. Qd4 Rh8 55. Kh1 Rh5 56. Qb6 Bc8 57. Nxe5 Rxe5 58. Rcf3 Rf8 59. Rf6 Bf5 60. Rxd6 Bxe4 61. Bxe4 Rxe4 62. Rdf6 Re1 63. Qd4 Qe5 64. Qxh4 Rxf1+ 65. Rxf1 Qxd5 66. Qf6+ Kg8 67. Re1 Qd3 68. Kh2 Rd8 69. Re5 Qd6 70. Qxd6 Rxd6 71. Rc5 Kg7 72. a4 bxa4 73. Rxc4 Kf6 74. Rc5 Rb6 75. Ra5 Rxb4 76. Rxa6+ Ke5 77. g4 Rb2+ 78. Kg3 Rb3+ 79. Kg2 a3 80. h4 Rb2+ 81. Kg3 Rb3+ 82. Kg2 f5 83. Rxg6 Kf4 84. gxf5 1/2-1/2

[Event "Moscow Kasparov Cup"]
[Site "Moscow"]
[Date "2000.??.??"]
[Round "11"]
[White "Kholmov, Ratmir D"]
[Black "Mamedov, Nidjat"]
[Result "1/2-1/2"]
[WhiteElo "2489"]
[BlackElo "2341"]
[PlyCount "60"]
[EventDate "2000.??.??"]
[Source "www.chesslib.no"]
[SourceDate "2004.05.04"]

1. e4 e5 2. Nf3 Nc6 3. Bb5 a6 4. Ba4 Nf6 5. O-O Be7 6. Re1 b5 7. Bb3 O-O 8. h3 d6 9. c3 Nb8 10. d3 c5 11. Nbd2 Qc7 12. Bc2 Nc6 13. Nf1 h6 14. Ne3 Re8 15. Nh2 Be6 16. Qf3 Nd4 17. Qd1 Nxc2 18. Qxc2 d5 19. Nhg4 dxe4 20. dxe4 Rad8 21. Nxf6+ Bxf6 22. c4 bxc4 23. Nxc4 Rd4 24. b3 Bxc4 25. bxc4 Bg5 26. Be3 Bxe3 27. fxe3 Rd6 28. Rad1 Qa5 29. Rf1 Rxd1 30. Rxd1 Rd8 1/2-1/2

[Event "Poznan"]
[Site "Poznan"]
[Date "1984.??.??"]
[Round "8"]
[White "Babula, Milan"]
[Black "Thipsay, Praveen Mahadeo"]
[Result "1/2-1/2"]
[WhiteElo "2385"]
[BlackElo "2445"]
[PlyCount "113"]
[EventDate "1984.09.??"]
[Source "ChessBase"]

1. e4 e5 2. Nf3 Nc6 3. Bb5 a6 4. Ba4 Nf6 5. O-O Be7 6. Re1 b5 7. Bb3 d6 8. c3 O-O 9. h3 Nb8 10. d3 Nbd7 11. Nbd2 Bb7 12. Nf1 Nc5 13. Bc2 Re8 14. Ng3 Bf8 15. Nh2 Ne6 16. Nf5 c5 17. Qf3 Kh8 18. Ng4 Nxg4 19. hxg4 Qf6 20. Qh3 g6 21. Ne3 Nc7 22. f3 Qg7 23. Kf2 Bc8 24. Rh1 f6 25. Qg3 Be6 26. Rh2 d5 27. g5 f5 28. Nxd5 Nxd5 29. exd5 Bxd5 30. b3 c4 31. Qh4 Bc5+ 32. Kf1 cxd3 33. Bxd3 e4 34. Bb2 Re7 35. Be2 exf3 36. gxf3 Bd6 37. Rh3 Rae8 38. Re1 Be5 39. f4 Bd6 40. Ba1 Bg2+ 41. Kxg2 Rxe2+ 42. Rxe2 Rxe2+ 43. Kf1 Re4 44. Rd3 Qc7 45. c4+ Kg8 46. Rd4 Rxd4 47. Bxd4 bxc4 48. Qe1 Kf7 49. Qh4 Ke8 50. Be3 c3 51. Qe1 Kd7 52. Qc1 Qc6 53. Ke2 Qg2+ 54. Kd3 Bb4 55. a3 Ba5 56. b4 Qe4+ 57. Kxc3 1/2-1/2

[Event "DDR-POL match"]
[Site "Zinnowitz GER"]
[Date "1973.10.??"]
[Round "2.3"]
[White "Kostro, Jerzy"]
[Black "Vogt, Lothar H"]
[Result "1/2-1/2"]
[WhiteElo "2385"]
[BlackElo "2440"]
[PlyCount "52"]
[EventDate "1973.10.03"]
[Source "www.chesslib.no"]
[SourceDate "2004.05.04"]

1. e4 e5 2. Nf3 Nc6 3. Bb5 a6 4. Ba4 Nf6 5. O-O Be7 6. Re1 b5 7. Bb3 d6 8. c3 O-O 9. h3 Nb8 10. d3 Nbd7 11. Nbd2 Bb7 12. Nf1 Nc5 13. Bc2 Re8 14. Ng3 Bf8 15. b4 Ncd7 16. d4 Nb6 17. Bd3 g6 18. Bd2 Bg7 19. Qc2 Rc8 20. dxe5 dxe5 21. c4 c5 22. bxc5 Rxc5 23. Be3 Rc8 24. Nd2 Re6 25. Rac1 Rec6 26. Qb1 bxc4 1/2-1/2